| 000 | 00573nam a2200145Ia 4500 | ||
|---|---|---|---|
| 008 | 100122s9999 xx 000 0 und d | ||
| 082 |
_b32767 _a923.254 |
||
| 100 | _aदेवगिरीकर त्र्यं र | ||
| 245 | _aवल्लभभाई पटेल चरित्र व काळ | ||
| 260 |
_bभारत ग्रंथमाला _c1971 |
||
| 300 | _a424 | ||
| 630 | _aवल्लभभाई पटेल चरित्र व काळ | ||
| 730 | _aवल्लभभाई पटेल चरित्र व काळ | ||
| 942 | _cBOOK | ||
| 999 |
_c417089 _d417086 |
||